| 000 | 00507nam a2200229Ia 4500 | ||
|---|---|---|---|
| 003 | IT-RoPAU | ||
| 008 | 120407s9999 xx 000 0 und d | ||
| 040 | _aIT-RoPAU | ||
| 040 | _cIT-RoPAU | ||
| 041 | _aita | ||
| 100 | _aGregorio di Nissa | ||
| 245 | _aLa vita di S. Macrina. | ||
| 250 | _aMilano | ||
| 260 | _aEdizioni Paoline | ||
| 260 | _c1988 | ||
| 300 | _a166 p. | ||
| 300 | _c19,9 cm | ||
| 490 | _aLetture cristiane del primo millennio 4 | ||
| 490 | _v1 | ||
| 942 | _cBK | ||
| 999 |
_c26825 _d26825 |
||